01003nam a2200229Ia 4500003000900000008004100009020001800050040001600068080002500084111010200109245016700211260007300378300001400451490003700465650004100502650002600543650003900569700003200608942000700640999001700647952010900664IN-BaIIA211028s9999 xx 000 0 eng d a0-8194-0199-4 cIIA Library a535(082.1)bSPI-1163 aSociety of Photo-Optical Instrumentation Engineers ConferencecCaliforniad1989 Aug. 08-09917095 0aFringe pattern analysisbproceedings of the SPIE held in Sandiago, California, on 08-09 August 1989cedited by Graeme T. Reid  aWashingtonbSociety of Photo-Optical Instrumentation Engineersc1989 avi, 260p. aSPIE proceedings series; v. 1163 aAstronomy and Astrophysics Thesaurus aFringe pattern917096 aImage processing techniques913729 aReid, Graeme T., ed.917097 cBK c10101d10101 00104070aBANbBANcGENd1991-01-04l0o535(082.1)/ SPI-1163p11011r2021-11-05w1991-01-04yBK 55.00